Open access journal of clinical trials

Detalles Bibliográficos
Formato: Electrónico Seriadas
Lenguaje:inglés
Publicado: [Auckland, N.Z.] : Dove Medical Press
Materias:
Acceso en línea:Full text available from Research Library: 01/01/2009 to present

MARC

LEADER 00000nas a2200000 a 4500
001 ssj0000392933
003 WaSeSS
005 20200512172242.0
006 m d
007 cr n
008 081121c20099999nz uu s 0 0eng c
010 |a  2010256095 
016 7 |a 997564083  |2 DE-101 
016 7 |a 2520705-2  |2 DE-600 
016 7 |a 101535922  |2 DNLM 
022 |a 1179-1519  |l 1179-1519 
035 |a (WaSeSS)ssj0000392933 
040 |a NZ1  |b eng  |c NZ1  |d CS1  |d OCLCQ  |d RBN  |d DEBBG  |d GWDNB  |d CUS  |d OCLCQ  |d OCLCF  |d EUW  |d NLM  |d OCLCQ  |d WT2  |d OCLCO  |d OCLCQ  |d OCLCA  |d OCLCQ  |d AU@  |d OCLCQ  |d WaSeSS 
042 |a pcc 
050 1 4 |a R853.C55 
060 0 0 |a W1 
082 0 4 |a 615.5072405  |2 22 
210 1 0 |a Open Access J Clin Trials  |2 dnlm 
210 1 |a Open access j. clin. trials 
222 0 |a Open access journal of clinical trials 
245 0 0 |a Open access journal of clinical trials  |h [electronic resource]. 
260 |a [Auckland, N.Z.] :  |b Dove Medical Press 
362 1 |a Began with v. 1 (2009). 
506 |a License restrictions may limit access. 
515 |a Articles added irregularly during the year and collected into annual issues. 
588 0 |a First issue; title from issue home page (viewed Feb. 10, 2010). 
588 1 |a 2015:7 (viewed Dec. 4, 2015). 
650 0 |a Clinical trials  |v Periodicals. 
650 7 |a Clinical trials.  |2 fast  |0 (OCoLC)fst00864429 
650 1 2 |a Clinical Trials as Topic. 
650 2 2 |a Therapies, Investigational. 
655 0 |a Electronic journals. 
856 4 0 |z Full text available from Research Library: 01/01/2009 to present  |u https://search.proquest.com/publication/3933326